| 000 | 01962nam a2200217Ia 4500 | ||
|---|---|---|---|
| 003 | Ost | ||
| 005 | 20260507075208.0 | ||
| 008 | 260507s9999||||xx |||||||||||||| ||und|| | ||
| 040 | _cfsecg | ||
| 041 | _aara | ||
| 082 | _a330 | ||
| 100 |
_aعبد الهادي السيد، محمد تقي الحكيم _eمؤلف |
||
| 245 | 0 |
_aعقد التأمين : _bحقيقته و مشروعيته / _c محمد تقي الحكيم عبد الهادي السيد |
|
| 260 |
_aبيروت: _bمنشورات الحلبي, _c2010 |
||
| 300 |
_a668 صفحة؛ _c24 سم |
||
| 504 | _aمراجع ص.603 ؛ فهارس ص.233 | ||
| 520 | _aالتراضي و المحل في عقد التأمين، تقسيم التأمين من حيث العموم و الخصوص ، من حيث الموضوع و من حيث الاخطارالمؤّمن عليها ، من حيث الغرض من انشائه ، من حيث قوة التطبيق و من حيث الجهة التي تقوم بدور التأمين ، وجوه الاختلاف بين انواع التأمين الثلاثة : التبادلي و التجاري و الاجتماعي ، عدد خصائص عقد التأمين ، الرأي الفقهي في عقد التأمين التبادلي و التعاوني ، و في عقد التأمين التجاري ، أدلة القائلين بعدم مشروعية عقد الأمين و مناقشتها ، التكييف الفقي لعقد التأمين من خلال تنزيله منزلة بعض العقود الشرعية و مناقشته،قياس عقد التأمين التجاري على بعض الانظمة و العقود الشرعية و مناقشته و أدلة على مشروعية عقد التامين التجاري ، التكييف الفقهي لصحة و لزوم عقد التامين التبادلي و التعاوني و التجاري. | ||
| 653 | _aالتأمين - البنوك | ||
| 653 | _aالعقود | ||
| 942 | _cكتاب | ||
| 999 |
_c43444 _d43444 |
||